Dead man /

A young man in search of a fresh start embarks on an exciting journey to a new town never realizing the danger that lies ahead. But when a heated love triangle ends in double murder, he finds himself a wanted man running scared until a mysterious loner teaches him to face the dangers that follow a &...

Full description

Bibliographic Details
Uniform Title:Dead man (Motion picture)
Corporate Authors: Pandora Film (Firm), J.V.C. Company of America, Newmarket Capital Group LP, Miramax Home Entertainment (Firm), Buena Vista Home Entertainment (Firm)
Other Authors: MacBride, Demetra J., Jarmusch, Jim, 1953-, Depp, Johnny, Farmer, Gary, 1953-, Henriksen, Lance, 1940-, Avital, Mili, Pop, Iggy, 1947-, Thornton, Billy Bob, Harris, Jared, 1961-, Glover, Crispin, Byrd, Eugene, 1975-, Byrne, Gabriel, 1950-, Dobyns, Stephen, 1941-, XII Gauge
Format: Video DVD
Language:English
Language Notes:Captioned for the hearing impaired. English dialogue with optional French subtitles.
Published: Burbank Calif. : Miramax Home Entertainment : [2000]
Subjects:

MARC

Tag First Indicator Second Indicator Subfields
LEADER 00000cgm a2200000Ia 4500
001 in00002199366
005 20151104082526.0
007 vd bvaizu
008 001221s2000 cau121 e vleng d
020 |a 0788825615 
024 1 0 |a 786936141788 
028 4 2 |a 21364  |b Miramax Home Entertainment 
035 |a (OCoLC)ocm45612121 
040 |a VTL  |c VTL  |d GSU  |d RCS  |d OCLCQ  |d OCL  |d XFF  |d OMP  |d UtOrBLW 
041 1 |a eng  |j fre  |h eng 
049 |a TXAM 
082 0 4 |a 791.43/72  |2 22 
090 |a PN1995.9.W4  |b D43 2000 
130 0 |a Dead man (Motion picture) 
245 1 0 |a Dead man /  |c Pandora Film, JVC and Newmarket Capital Group, L.P. present a 12-Gauge production ; producer, Demetra J. MacBride ; written and directed by Jim Jarmusch. 
264 1 |a Burbank Calif. :  |b Miramax Home Entertainment :  |c [2000] 
264 2 |a Burbank Calif. :  |b Buena Vista Pictures Distribution, 
300 |a 1 videodisc (121 min.) :  |b sound, black and white ;  |c 4 3/4 in. +  |e 1 insert. 
336 |a two-dimensional moving image  |b tdi  |2 rdacontent 
337 |a video  |b v  |2 rdamedia 
338 |a videodisc  |b vd  |2 rdacarrier 
538 |a DVD; Dolby digital. 
546 |a Captioned for the hearing impaired. English dialogue with optional French subtitles. 
511 1 |a Johnny Depp, Gary Farmer, Lance Henriksen, Michael Wincott, Mili Avital, Iggy Pop, Billy Bob Thornton, Jared Harris, Crispin Glover, Eugene Byrd, Gabriel Byrne. 
508 |a Director of photography, Robby Muller ; editor, Jay Rabinowitz ; music, Neil Young. 
500 |a Originally produced as a motion picture in 1995. 
500 |a Based on the novel "The two deaths of Senora Puccini" by Stephen Dobyns. 
500 |a Widescreen presentation. 
500 |a Aspect ration 1.78:1. 
500 |a Dual layer format. 
521 8 |a Rated R. 
520 |a A young man in search of a fresh start embarks on an exciting journey to a new town never realizing the danger that lies ahead. But when a heated love triangle ends in double murder, he finds himself a wanted man running scared until a mysterious loner teaches him to face the dangers that follow a "dead man." 
500 |a Special features include: deleted scenes and outtakes; Dead man theme music video; theatrical trailer. 
500 |a Videorecording. 
650 0 |a Triangles (Interpersonal relations)  |v Drama. 
650 0 |a Murder  |v Drama. 
650 0 |a Fugitives from justice  |v Drama. 
655 7 |a Western films.  |2 lcgft 
655 7 |a Feature films.  |2 lcgft 
655 7 |a Video recordings for the hearing impaired.  |2 lcgft 
700 1 |a MacBride, Demetra J. 
700 1 |a Jarmusch, Jim,  |d 1953- 
700 1 |a Depp, Johnny. 
700 1 |a Farmer, Gary,  |d 1953- 
700 1 |a Henriksen, Lance,  |d 1940- 
700 1 |a Avital, Mili. 
700 1 |a Pop, Iggy,  |d 1947- 
700 1 |a Thornton, Billy Bob. 
700 1 |a Harris, Jared,  |d 1961- 
700 1 |a Glover, Crispin. 
700 1 |a Byrd, Eugene,  |d 1975- 
700 1 |a Byrne, Gabriel,  |d 1950- 
700 1 |a Dobyns, Stephen,  |d 1941-  |t Two deaths of Señora Puccini. 
710 2 |a Pandora Film (Firm) 
710 2 |a J.V.C. Company of America. 
710 2 |a Newmarket Capital Group LP. 
700 0 |a XII Gauge. 
710 2 |a Miramax Home Entertainment (Firm) 
710 2 |a Buena Vista Home Entertainment (Firm) 
994 |a C0  |b TXA 
948 |a cataloged  |b h  |c 2006/12/18  |d c  |e aklinger  |f 11:44:57 am 
999 |a MARS 
999 f f |s c2b283d5-e638-347c-937a-291645592dc1  |i 2cacf3d3-7afa-3b57-96e9-8ad03f9252f9  |t 0 
952 f f |p dvd  |a Texas A&M University  |b College Station  |c Sterling C. Evans Library  |d Evans: Media and Reserves (Annex 1st floor)  |t 0  |e PN1995.9.W4 D43 2000  |h Library of Congress classification  |i video -- videodisc  |m A14834840879 
998 f f |a PN1995.9.W4 D43 2000  |t 0  |l Evans: Media and Reserves (Annex 1st floor)